000 00482nam a2200193 a 4500
001 1755689613081
003 ACL
005 20250820170912.0
008 250820s2004##################000#0#eng##
020 _a9780486436418
082 0 4 _a743.49
_bBAM
100 1 _aBammes, Gottfried,
_eauthor.
245 1 0 _aThe Artist's Guide to Human Anatomy :
260 _bCourier Corporation,
_c2004.
300 _a148 pages
650 0 _aArt.
942 _cENGLISH
040 _aACL
_beng
_cACL
999 _c583299
_d583299